SRIMADBHAGVAD - MAHAPURANA (PRATHAM KHAND) (Record no. 67001)
[ view plain ]
| 000 -LEADER | |
|---|---|
| fixed length control field | 00374nam a22001457a 4500 |
| 003 - CONTROL NUMBER IDENTIFIER | |
| control field | OSt |
| 005 - DATE AND TIME OF LATEST TRANSACTION | |
| control field | 20260209142343.0 |
| 008 - FIXED-LENGTH DATA ELEMENTS--GENERAL INFORMATION | |
| fixed length control field | 260209b |||||||| |||| 00| 0 eng d |
| 040 ## - CATALOGING SOURCE | |
| Transcribing agency | IIMT UNIVERSITY |
| 100 ## - MAIN ENTRY--PERSONAL NAME | |
| Personal name | PODHAR, HANUMANPRASAD |
| 245 ## - TITLE STATEMENT | |
| Title | SRIMADBHAGVAD - MAHAPURANA (PRATHAM KHAND) |
| 260 ## - PUBLICATION, DISTRIBUTION, ETC. | |
| Place of publication, distribution, etc. | GORAKHPUR |
| Name of publisher, distributor, etc. | GEETA PRESS |
| Date of publication, distribution, etc. | S.2072 |
| 300 ## - PHYSICAL DESCRIPTION | |
| Extent | 1021 |
| 942 ## - ADDED ENTRY ELEMENTS (KOHA) | |
| Source of classification or shelving scheme | |
| Koha item type | Text-Book- for 7 days |
| Withdrawn status | Lost status | Source of classification or shelving scheme | Damaged status | Not for loan | Home library | Current library | Date acquired | Source of acquisition | Cost, normal purchase price | Inventory number | Total Checkouts | Full call number | Barcode | Date last seen | Date last checked out | Price effective from | Koha item type |
|---|---|---|---|---|---|---|---|---|---|---|---|---|---|---|---|---|---|
| IIMT University Central Library Meerut | IIMT University Central Library Meerut | 02/09/2026 | CHAIRMEN SIR | 250.00 | DONATED | 2 | 294.5925 POD | 28-S-4956 | 04/16/2026 | 04/09/2026 | 02/09/2026 | Text-Book- for 7 days |

